00720nam a2200253 a 4500001001300000003000900013005001700022008004100039020001000080082001300090100002300103245003500126260003900161300000800200500003500208505001000243650002300253650001900276700002300295902000800318942000700326952011600333999001700449nice12345678IN_TiNIC20260116015142.0050524s1977 kana grp 000 0 eng  ac10000a241bYOD aYoder, John Howard aChristian Witness to the State aKansasbFaith and Life Pressc1977 a90p aincludes index and biblioraphy2 aIndex aTheology-Political aTheology-Moral1 aYoder, John Howard bSRS cBK 001040708StackRoom-aHMIbHMId2007-06-29g100.00l0o241 YODp11000345r2007-06-29v100.00w2005-05-24yBK c18517d18517